000 00365 a2200145 4500
001 149606
040 _cEscola São Tomás de Aquino
100 _aQUEIRÓS, Bartolomeu Campos de
240 1 0 _aIsso não é um elefante
_lpor
245 1 0 _aIsso não é um elefante
362 0 _a2009
440 1 _aAbacatte
697 _a*LITERATURA INFANTO JUVENIL
942 _cBK
999 _c149606
_d149606